[Event "EU-chT U12"]
[Site "Iasi"]
[Date "2023.07.28"]
[Round "5.4"]
[White "Chiszko, Oskar"]
[Black "Kovacs, Balazs2"]
[Result "1/2-1/2"]
[WhiteElo "1860"]
[BlackElo "1515"]
[PlyCount "61"]
[EventDate "2023.07.24"]
[EventType "team-swiss"]
[EventRounds "7"]
[EventCountry "ROU"]
[SourceTitle "CBM 215 Extra"]
[Source "ChessBase"]
[SourceDate "2023.09.30"]
[SourceVersion "1"]
[SourceVersionDate "2023.09.30"]
[SourceQuality "1"]
[WhiteTeam "Poland U12"]
[BlackTeam "Romania Iasi U12"]
[WhiteTeamCountry "POL"]
[BlackTeamCountry "ROU"]

1. d4 Nf6 2. c4 g6 3. Nc3 d5 4. Bg5 Ne4 5. Bh4 Nxc3 6. bxc3 Bg7 7. e3 c5 8. Nf3 Nc6 9. cxd5 Qxd5 10. Be2 e5 11. dxe5 Qxd1+ 12. Rxd1 Be6 13. Bg3 Bxa2 14. 0-0 Rd8 15. Ra1 Bd5 16. Bb5 a6 17. Bxc6+ Bxc6 18. Rfb1 0-0 19. Ra5 Bb5 20. c4 Bxc4 21. Rxc5 b5 22. Nd4 Rc8 23. Rc6 a5 24. Ra6 a4 25. f4 Bd3 26. Rd1 Bc2 27. Rd2 Bb3 28. Nxb3 axb3 29. Rb6 Rb8 30. Rxb8 Rxb8 31. Rb2 1/2-1/2

[Event "EU-ch Rapid"]
[Site "Katowice"]
[Date "2022.12.18"]
[Round "7"]
[White "Plaskan, Jure"]
[Black "Chiszko, Oskar"]
[Result "1-0"]
[WhiteElo "2241"]
[BlackElo "1657"]
[PlyCount "161"]
[EventDate "2022.12.17"]
[EventType "swiss (rapid)"]
[EventRounds "11"]
[EventCountry "POL"]
[SourceTitle "CBM 211 Extra"]
[Source "ChessBase"]
[SourceDate "2023.01.31"]
[SourceVersion "1"]
[SourceVersionDate "2023.01.31"]
[SourceQuality "1"]

1. e4 c5 2. Nf3 d6 3. d4 cxd4 4. Nxd4 Nf6 5. f3 g6 6. c4 Bg7 7. Be3 Nc6 8. Qd2 Bd7 9. Nc3 Rc8 10. Rc1 0-0 11. Be2 a6 12. 0-0 Ne5 13. b3 Kh8 14. Rfd1 Bc6 15. Bf1 h5 16. Qf2 Qd7 17. c5 Ne8 18. Nxc6 Rxc6 19. b4 b5 20. a4 bxa4 21. b5 axb5 22. Bxb5 Qb7 23. Bxc6 Nxc6 24. Nxa4 Ne5 25. Nb6 dxc5 26. Bxc5 Nd6 27. Nd5 Rd8 28. Bb6 Rd7 29. Qc5 Kh7 30. Ra1 Nd3 31. Rxd3 Bxa1 32. Ra3 Bd4+ 33. Qxd4 Nb5 34. Qe5 Rxd5 35. exd5 Nxa3 36. Bd4 f6 37. Qe6 Qb1+ 38. Kf2 Qc2+ 39. Kg3 Qc7+ 40. Kh3 Kg7 41. d6 Qxd6 42. Bxf6+ Kf8 43. Qc8+ Kf7 44. Bb2 Nb1 45. Qc2 Nd2 46. Qc3 e5 47. Qxe5 Qxe5 48. Bxe5 Nc4 49. Bc7 Ne3 50. Kg3 Nf1+ 51. Kf2 Nd2 52. Ke2 Nb1 53. Kd3 Ke6 54. Bb6 Na3 55. g3 Nb5 56. Bc5 Nc7 57. Ke4 Nd5 58. h3 g5 59. Be3 Nf6+ 60. Kd4 Kf5 61. Bf2 g4 62. fxg4+ hxg4 63. h4 Ne4 64. Be1 Nf6 65. Ba5 Nh5 66. Bc7 Nf6 67. Bf4 Nh5 68. Be5 Kg6 69. Ke4 Kh6 70. Kf5 Nxg3+ 71. Bxg3 Kh5 72. Kf4 Kh6 73. Kxg4 Kg6 74. h5+ Kh6 75. Kh4 Kh7 76. Kg5 Kg7 77. h6+ Kh7 78. Kh5 Kh8 79. Kg6 Kg8 80. h7+ Kh8 81. Be5# 1-0

[Event "EU-ch Rapid"]
[Site "Katowice"]
[Date "2022.12.17"]
[Round "1"]
[White "Mastrovasilis, Dimitrios"]
[Black "Chiszko, Oskar"]
[Result "1-0"]
[WhiteElo "2605"]
[BlackElo "1657"]
[PlyCount "63"]
[EventDate "2022.12.17"]
[EventType "swiss (rapid)"]
[EventRounds "11"]
[EventCountry "POL"]
[SourceTitle "CBM 211 Extra"]
[Source "ChessBase"]
[SourceDate "2023.01.31"]
[SourceVersion "1"]
[SourceVersionDate "2023.01.31"]
[SourceQuality "1"]

1. e4 c5 2. Nf3 d6 3. d4 cxd4 4. Nxd4 Nf6 5. f3 a6 6. c4 e5 7. Nb3 Be6 8. Nc3 Be7 9. Be3 Nbd7 10. Qd2 Rc8 11. Nd5 Bxd5 12. cxd5 Nc5 13. Nxc5 dxc5 14. Be2 0-0 15. 0-0 Qc7 16. Rfc1 Nd7 17. Rc2 b5 18. d6 Qxd6 19. Qxd6 Bxd6 20. Rd1 Rc6 21. Rcd2 Nb6 22. Rxd6 Rxd6 23. Rxd6 Na4 24. Rxa6 c4 25. Bxc4 Nxb2 26. Bxb5 Nd1 27. Bc5 Rc8 28. Bc6 Nc3 29. a3 Ne2+ 30. Kf1 Nd4 31. Bxd4 exd4 32. Ra8 1-0

[Event "EU-ch Blitz"]
[Site "Katowice"]
[Date "2022.12.16"]
[Round "1"]
[White "Chiszko, Oskar"]
[Black "Monroy, Charles"]
[Result "1-0"]
[WhiteElo "1657"]
[BlackElo "2395"]
[PlyCount "79"]
[EventDate "2022.12.16"]
[EventType "swiss (blitz)"]
[EventRounds "22"]
[EventCountry "POL"]
[SourceTitle "CBM 211 Extra"]
[Source "ChessBase"]
[SourceDate "2023.01.31"]
[SourceVersion "1"]
[SourceVersionDate "2023.01.31"]
[SourceQuality "1"]

1. d4 Nf6 2. c4 e6 3. Nc3 Bb4 4. f3 d5 5. a3 Bxc3+ 6. bxc3 c6 7. cxd5 cxd5 8. e3 0-0 9. Bd3 b6 10. Ne2 Ba6 11. 0-0 Bxd3 12. Qxd3 Nc6 13. e4 Qc7 14. e5 Nd7 15. f4 f5 16. exf6 Nxf6 17. Ng3 Rac8 18. Bd2 Na5 19. f5 e5 20. dxe5 Qxe5 21. Rae1 Qd6 22. Kh1 Qxa3 23. Re6 Qc5 24. Ne2 Nc4 25. Be1 Ne4 26. Rf4 Rce8 27. Nd4 a5 28. h3 a4 29. Qf3 a3 30. Qd1 a2 31. Nb3 Qe3 32. Rf3 Nxc3 33. Bxc3 Qg5 34. Rxe8 Rxe8 35. Qxd5+ Kh8 36. Qxc4 h6 37. Qd4 Re2 38. Rf2 Re7 39. f6 gxf6 40. Qxf6+ 1-0

[Event "EU-ch Blitz"]
[Site "Katowice"]
[Date "2022.12.16"]
[Round "2"]
[White "Monroy, Charles"]
[Black "Chiszko, Oskar"]
[Result "1-0"]
[WhiteElo "2395"]
[BlackElo "1657"]
[PlyCount "65"]
[EventDate "2022.12.16"]
[EventType "swiss (blitz)"]
[EventRounds "22"]
[EventCountry "POL"]
[SourceTitle "CBM 211 Extra"]
[Source "ChessBase"]
[SourceDate "2023.01.31"]
[SourceVersion "1"]
[SourceVersionDate "2023.01.31"]
[SourceQuality "1"]

1. Nf3 Nf6 2. c4 g6 3. Nc3 Bg7 4. e4 d6 5. d4 0-0 6. h3 e5 7. d5 Na6 8. Bg5 h6 9. Be3 Nc5 10. Nd2 a5 11. g4 Ne8 12. Rg1 Kh7 13. Qc2 f5 14. f3 f4 15. Bf2 Bf6 16. 0-0-0 Bh4 17. Bxc5 dxc5 18. Nb3 b6 19. Nb5 Nd6 20. Kb1 Bd7 21. Nc1 Bxb5 22. cxb5 Qd7 23. a4 Bg3 24. Rh1 Bh4 25. Bd3 Qe7 26. Rhg1 Rad8 27. Nb3 Rc8 28. Nd2 Rcd8 29. Nc4 Rfe8 30. Rd2 Nxc4 31. Bxc4 Qd6 32. Rdg2 g5 33. Rd2 1-0

[Event "POL-ch blitz"]
[Site "Suwalki"]
[Date "2022.09.24"]
[Round "11"]
[White "Chiszko, Oskar"]
[Black "Redzisz, Michal"]
[Result "0-1"]
[WhiteElo "1661"]
[BlackElo "2244"]
[PlyCount "55"]
[EventDate "2022.09.24"]
[EventType "swiss (blitz)"]
[EventRounds "15"]
[EventCountry "POL"]
[SourceTitle "CBM 210 Extra"]
[Source "ChessBase"]
[SourceDate "2022.11.30"]
[SourceVersion "1"]
[SourceVersionDate "2022.11.30"]
[SourceQuality "1"]

1. d4 Nf6 2. c4 e6 3. Nc3 Bb4 4. f3 d5 5. a3 Bxc3+ 6. bxc3 c5 7. cxd5 Nxd5 8. Bd2 cxd4 9. cxd4 Qh4+ 10. g3 Qxd4 11. e4 Ne3 12. Bxe3 Qxe3+ 13. Be2 Nc6 14. Nh3 Nd4 15. Kf1 e5 16. Nf2 0-0 17. Qd3 Qh6 18. Kg2 Bd7 19. Rhd1 Bb5 20. Ng4 Qa6 21. Qe3 Bxe2 22. Rd2 Bxf3+ 23. Kg1 Bxg4 24. Rf2 Rac8 25. Qd2 Nf3+ 26. Rxf3 Bxf3 27. Qe3 Qe2 28. Qf4 0-1